FEAR - NF - Statistics

General Stats
  • This quiz has been taken 20 times
  • The average score is 6 of 6
Answer Stats
Songs Plays Artists % Correct
FEAR 26,118,190 NF
100%
HOME 12,325,655 NF
100%
SORRY 15,604,581 NF, James Arthur
100%
WASHED UP 8,903,258 NF
93%
WHO I WAS 17,590,156 NF, mgk
93%
GIVE ME A REASON 11,438,773 NF
86%
No matching quizzes found
Score Distribution
Percent of People with Each Score
Percentile by Number Answered
Your Score History
You have not taken this quiz